Animaux d'Afrique - Statistiques

Statistiques générales
  • Ce quiz a été pris 185 fois
  • Le résultat moyen est 19 sur 58
Statistiques - réponses
Hint Réponse % Correct
. Lion
99%
. Elephant
94%
. Zèbre
91%
. Girafe
84%
. Hippopotame
81%
.. Guépard
78%
. Léopard
76%
. Rhinocéros
75%
. Crocodile
74%
. Hyène
73%
. Antilope
64%
. Gazelle
62%
. Gnou
60%
. Buffle
57%
. Gorille
57%
. Chimpanzé
47%
. Autruche
45%
. Phacochère
45%
. Suricate
45%
. Vautour
45%
. Lycaon
35%
. Babouin
34%
. Cobra
31%
. Fennec
31%
. Dromadaire
29%
. Chameau
27%
. Impala
25%
. Vipère
24%
. Chacal
23%
. Boa
23%
. Scorpion
23%
. Flamant Rose
21%
. Oryx
21%
. Bonobo
19%
. Okapi
19%
. Macaque
18%
. Mangouste
18%
. Marabou
18%
. Mandrill
14%
. Ratel
13%
. Ara
12%
. Caméléon
12%
. Mamba Noir
12%
. Tortue
12%
. Porc Epic
11%
. Pangolin
9%
. gelada
6%
. Oryctérope
6%
. Bec en Sabot
5%
. Calao
5%
. Colobe
4%
. Maki Catta
4%
. Galago
2%
. Aye Aye
1%
. Gerboise
1%
. Maki Vari
1%
. Sifaka
1%
. Spatule
1%
Aucun quiz correspondant
Distribution des résultats
% des personnes avec chaque résultat
Percentile par nombre de réponses
Votre historique - résultats
Vous n’avez pas pris ce quiz